Normal view
MARC view
- Distrito Federal (México)
Entry Nombre Geográfico
001 - NÚMERO DE CONTROL
- campo de control: 11829
003 - IDENTIFICADOR DE NUMERO DE CONTROL
- campo de control: MX-MxUPN
005 - FECHA Y HORA DE LA ÜLTIMA TRANSACCIÓN
- campo de control: 20230919195655.0
008 - DATOS DE LONGITUD FIJA
- campo de control de longitud fija: 230919nn fcnnnbaba a ana |d
035 ## - NÚMERO DE CONTROL
- Número de control: UPN10000011836
040 ## - FUENTE DE CATALOGACIÓN
- Lenguaje de catalogación: spa
- Agencia de catalogación original: MX-MxUPN
151 ## - ENCABEZAMIENTO - NOMBRE GEOGRÁFICO
- Nombre geográfico: Distrito Federal (México)
- Subdivisión general : Vida social y costumbres
451 ## - VER DESDE EL RASTREO--NOMBRE GEOGRÁFICO
- Geographic name: México (D.F.)
- General subdivision: Vida social y costumbres
- Control subfield: nno
670 ## - FUENTE EN LA QUE SE LOCALIZARON DATOS
- Cita de la fuente: Escamilla González, G. Lista de encabezamientos de materia, 1978 :
- Información localizada: (México - Vida social y costumbres)
670 ## - FUENTE EN LA QUE SE LOCALIZARON DATOS
- Cita de la fuente: Autoridades BGTQ, 19 septiembre 1978:
- Información localizada: (Distrito Federal (México))
902 ## - CATALOGADOR
- Catalogador: MEEG/190199
- Catalogador: VíctorGodínez/190923
